[Event "Mecklenburg VP Verbandsliga 2223"]
[Site "Mecklenburg VP"]
[Date "2022.11.27"]
[Round "3.5"]
[White "Kunow, Frank"]
[Black "Waschk, Armin"]
[Result "0-1"]
[WhiteElo "1950"]
[BlackElo "2130"]
[PlyCount "136"]
[EventDate "2022.10.23"]
[EventType "team-tourn"]
[EventRounds "9"]
[EventCountry "GER"]
[SourceTitle "EXT 2024"]
[Source "ChessBase"]
[SourceDate "2023.10.10"]
[SourceVersion "1"]
[SourceVersionDate "2023.10.10"]
[SourceQuality "1"]
[WhiteTeam "Neubrandenburg SG Eintracht"]
[BlackTeam "Guestrow/Teterow"]
[WhiteTeamCountry "GER"]
[BlackTeamCountry "GER"]

1. Nf3 d5 2. c4 e6 3. g3 Nf6 4. Bg2 b6 5. 0-0 Be7 6. Qc2 0-0 7. b3 c5 8. e3 Nc6 9. a3 Ba6 10. d3 Qd7 11. Bb2 Rac8 12. Nbd2 Rfd8 13. Rfd1 Bb7 14. Rac1 h6 15. Qb1 Qe8 16. Qa1 Rd7 17. cxd5 Rxd5 18. Nc4 Rdd8 19. Nfe5 Rc7 20. Bc3 Nxe5 21. Bxe5 Rcd7 22. Bxb7 Rxb7 23. Bb2 Qb5 24. Qa2 Qc6 25. Bxf6 Bxf6 26. b4 Qd5 27. bxc5 bxc5 28. Rb1 Rbd7 29. Qe2 Qg5 30. Rb3 Qg6 31. Kg2 h5 32. a4 h4 33. a5 Rd5 34. e4 h3+ 35. Kg1 R5d7 36. Rdb1 Bd4 37. a6 e5 38. Rb7 f5 39. Rxd7 Rxd7 40. Rb7 Rf7 41. Rxf7 Qxf7 42. Nd6 Qe6 43. Nxf5 Qxa6 44. Qf1 Qa1 45. Ne7+ Kf7 46. Nc8 a5 47. Nb6 Ke7 48. Qxa1 Bxa1 49. f4 Kd8 50. Kf2 Kc7 51. Nc4 a4 52. f5 Bb2 53. g4 a3 54. Nd2 a2 55. Nb3 Bc1 56. Kg3 Bg5 57. Kxh3 Kb6 58. Kg3 Kb5 59. h4 Bf4+ 60. Kf3 Kb4 61. Na1 Kc3 62. g5 Kb2 63. g6 Kxa1 64. f6 gxf6 65. g7 Kb2 66. g8Q a1Q 67. Qd5 Qd1+ 68. Kg2 Qe2+ 0-1

[Event "Mecklenburg VP Verbandsliga 2223"]
[Site "Mecklenburg VP"]
[Date "2022.11.06"]
[Round "2.4"]
[White "Paulowitz, Bernd Rainer"]
[Black "Waschk, Armin"]
[Result "0-1"]
[WhiteElo "1904"]
[BlackElo "2130"]
[PlyCount "54"]
[EventDate "2022.10.23"]
[EventType "team-tourn"]
[EventRounds "9"]
[EventCountry "GER"]
[SourceTitle "EXT 2024"]
[Source "ChessBase"]
[SourceDate "2023.10.10"]
[SourceVersion "1"]
[SourceVersionDate "2023.10.10"]
[SourceQuality "1"]
[WhiteTeam "Stralsund HSG"]
[BlackTeam "Guestrow/Teterow"]
[WhiteTeamCountry "GER"]
[BlackTeamCountry "GER"]

1. d4 Nf6 2. Nf3 d5 3. c4 dxc4 4. e3 e6 5. Bxc4 Be7 6. 0-0 0-0 7. Nc3 Nbd7 8. Qe2 b6 9. e4 c6 10. Rd1 Bb7 11. Bg5 Rc8 12. Rac1 Re8 13. h3 b5 14. Bd3 b4 15. Na4 Qa5 16. b3 e5 17. Be3 exd4 18. Bxd4 Bd6 19. Qb2 c5 20. Bxf6 Nxf6 21. Bb1 Bf4 22. Rc4 Ba6 23. Rc2 Nxe4 24. Rd5 Red8 25. Rxd8+ Qxd8 26. Rc1 Bxc1 27. Qxc1 Bd3 0-1

[Event "Oberliga Nord O 2122"]
[Site "Germany"]
[Date "2021.12.12"]
[Round "3.4"]
[White "Modler, Andreas"]
[Black "Waschk, Armin"]
[Result "1-0"]
[WhiteElo "2215"]
[BlackElo "2149"]
[PlyCount "139"]
[EventDate "2021.10.31"]
[EventType "team-tourn"]
[EventRounds "9"]
[EventCountry "GER"]
[SourceTitle "EXT 2023"]
[Source "ChessBase"]
[SourceDate "2022.10.05"]
[SourceVersion "1"]
[SourceVersionDate "2022.10.05"]
[SourceQuality "1"]
[WhiteTeam "Berlin SF III"]
[BlackTeam "Guestrow/Teterow"]
[WhiteTeamCountry "GER"]
[BlackTeamCountry "GER"]

1. c4 e6 2. Nc3 d5 3. d4 Nf6 4. cxd5 exd5 5. Bg5 c6 6. e3 h6 7. Bh4 Be7 8. Bd3 0-0 9. Nge2 Re8 10. Qc2 b6 11. f3 c5 12. 0-0 Nc6 13. a3 Be6 14. Rad1 Qd7 15. dxc5 bxc5 16. Na4 c4 17. Bxc4 Ne5 18. Bd3 Nfg4 19. fxg4 Bxh4 20. Nc5 Qe7 21. h3 Rac8 22. b4 Bxg4 23. hxg4 Nxg4 24. e4 Qe5 25. Rf4 Ne3 26. Qd2 Nxd1 27. Qxd1 Qe7 28. exd5 Qe3+ 29. Kh1 Be7 30. Ne4 Rcd8 31. Rf3 Qb6 32. N2c3 Bd6 33. Qf1 Re7 34. Qf2 Be5 35. Qxb6 axb6 36. Bb5 g6 37. g4 h5 38. gxh5 f5 39. Ng3 Bxc3 40. Rxc3 f4 41. Nf1 g5 42. Nh2 Kg7 43. Bc6 Kf6 44. Kg2 Re2+ 45. Kg1 Rb2 46. h6 Kf5 47. h7 Rb1+ 48. Nf1 Rd1 49. Rh3 Rh8 50. Bd7+ Kg6 51. Be6 Kg7 52. Bg8 Rxg8 53. hxg8Q+ Kxg8 54. Rh6 Rxd5 55. Rxb6 Kf7 56. a4 Rd1 57. a5 g4 58. Kf2 Ra1 59. Rd6 Ra2+ 60. Rd2 Ra4 61. Rd4 Ra2+ 62. Kg1 Kf6 63. Rxf4+ Kg5 64. Rf8 Ra4 65. Rb8 Kf4 66. Rb6 Ra2 67. a6 Ke5 68. b5 Kd5 69. Rb7 Kc5 70. a7 1-0

[Event "Mecklenburg VP Verbandsliga 1920"]
[Site "Mecklenburg VP"]
[Date "2020.03.01"]
[Round "7.2"]
[White "Waschk, Armin"]
[Black "Hubert, Peter"]
[Result "1/2-1/2"]
[WhiteElo "2165"]
[BlackElo "2114"]
[PlyCount "31"]
[EventDate "2019.09.29"]
[EventType "team-tourn"]
[EventRounds "9"]
[EventCountry "GER"]
[SourceTitle "EXT 2023"]
[Source "ChessBase"]
[SourceDate "2022.10.05"]
[SourceVersion "1"]
[SourceVersionDate "2022.10.05"]
[SourceQuality "1"]
[WhiteTeam "Guestrow/Teterow"]
[BlackTeam "Stralsund HSG"]
[WhiteTeamCountry "GER"]
[BlackTeamCountry "GER"]

1. d4 Nf6 2. c4 e6 3. Nf3 d5 4. e3 c5 5. Nc3 Nc6 6. a3 a6 7. dxc5 Bxc5 8. b4 Bd6 9. Bb2 0-0 10. Qc2 Qe7 11. Rd1 Rd8 12. Be2 dxc4 13. Bxc4 b5 14. Bd3 Bb7 15. 0-0 Rac8 16. Be2 1/2-1/2

[Event "Mecklenburg VP Verbandsliga 1920"]
[Site "Mecklenburg VP"]
[Date "2020.02.02"]
[Round "6.1"]
[White "Waschk, Armin"]
[Black "Schmekel, Florian"]
[Result "1-0"]
[WhiteElo "2165"]
[BlackElo "2102"]
[PlyCount "71"]
[EventDate "2019.09.29"]
[EventType "team-tourn"]
[EventRounds "9"]
[EventCountry "GER"]
[SourceTitle "EXT 2023"]
[Source "ChessBase"]
[SourceDate "2022.10.05"]
[SourceVersion "1"]
[SourceVersionDate "2022.10.05"]
[SourceQuality "1"]
[WhiteTeam "Guestrow/Teterow"]
[BlackTeam "Torgelow"]
[WhiteTeamCountry "GER"]
[BlackTeamCountry "GER"]

1. d4 Nf6 2. c4 e6 3. Nf3 b6 4. g3 Bb7 5. Bg2 Be7 6. 0-0 0-0 7. d5 exd5 8. Nh4 c6 9. cxd5 Nxd5 10. Nf5 Nc7 11. e4 d5 12. Nc3 Bf6 13. Bf4 d4 14. e5 dxc3 15. exf6 Qxf6 16. Qg4 Ne6 17. Bd6 Re8 18. bxc3 Nd7 19. Rad1 Rad8 20. f4 Kh8 21. Rf2 Qg6 22. Qh3 Nf6 23. Bf3 Nc5 24. Ne7 Rxe7 25. Bxe7 Rxd1+ 26. Bxd1 Nd3 27. Rd2 Qe4 28. Re2 Qd5 29. Bxf6 gxf6 30. Qh6 Qd8 31. Bc2 Ba6 32. Re3 Kg8 33. Qh5 c5 34. Qe2 Nc1 35. Re8+ Kg7 36. Qg4+ 1-0

[Event "Mecklenburg VP Verbandsliga 1920"]
[Site "Mecklenburg VP"]
[Date "2019.12.08"]
[Round "4.2"]
[White "Kunow, Frank"]
[Black "Waschk, Armin"]
[Result "1/2-1/2"]
[WhiteElo "1926"]
[BlackElo "2165"]
[PlyCount "109"]
[EventDate "2019.09.29"]
[EventType "team-tourn"]
[EventRounds "9"]
[EventCountry "GER"]
[SourceTitle "EXT 2023"]
[Source "ChessBase"]
[SourceDate "2022.10.05"]
[SourceVersion "1"]
[SourceVersionDate "2022.10.05"]
[SourceQuality "1"]
[WhiteTeam "Neubrandenburg SG Eintracht"]
[BlackTeam "Guestrow/Teterow"]
[WhiteTeamCountry "GER"]
[BlackTeamCountry "GER"]

1. Nf3 d5 2. c4 d4 3. b4 f6 4. e3 e5 5. Nxe5 fxe5 6. Qh5+ g6 7. Qxe5+ Kf7 8. c5 Be6 9. Qf4+ Nf6 10. Bb2 Nc6 11. a3 g5 12. Qxg5 Rg8 13. Qf4 Rg4 14. Qf3 Bd5 15. Qe2 a5 16. f3 Rg5 17. f4 Rg8 18. b5 Ne7 19. Bxd4 Nf5 20. Qd3 Nxd4 21. Qxd4 Qe7 22. Nc3 Be6 23. f5 Bxf5 24. Bc4+ Be6 25. 0-0 Rg6 26. Bd3 Rg4 27. Qe5 Bg7 28. h3 Rh4 29. Ne4 Rxe4 30. Bxe4 Kg8 31. Bf5 Re8 32. Bxe6+ Qxe6 33. Qxc7 Qd5 34. Qd6 Qxd6 35. cxd6 Rd8 36. Rac1 Rxd6 37. Rc8+ Kf7 38. e4 Re6 39. d3 Kg6 40. g4 h5 41. gxh5+ Nxh5 42. Rd8 Ng3 43. Rf3 Ne2+ 44. Kf2 Nc3 45. Rd7 Bf6 46. Rf5 b6 47. Kf3 Nb1 48. Rc7 Nd2+ 49. Kg4 Nb3 50. Rc6 Nd4 51. Rxe6 Nxe6 52. Rd5 Be7 53. Re5 Kf6 54. Rf5+ Kg6 55. Re5 1/2-1/2

[Event "Oberliga Nord O 1819"]
[Site "Germany"]
[Date "2019.02.03"]
[Round "6.1"]
[White "Moeller, Hendrik"]
[Black "Waschk, Armin"]
[Result "1-0"]
[WhiteElo "2256"]
[BlackElo "2155"]
[PlyCount "127"]
[EventDate "2018.10.21"]
[EventType "team-tourn"]
[EventRounds "9"]
[EventCountry "GER"]
[SourceTitle "EXT 2020"]
[Source "ChessBase"]
[SourceDate "2019.10.17"]
[SourceVersion "1"]
[SourceVersionDate "2019.10.17"]
[SourceQuality "1"]
[WhiteTeam "Berlin Weisse Dame"]
[BlackTeam "Guestrow/Teterow"]
[WhiteTeamCountry "GER"]
[BlackTeamCountry "GER"]

1. c4 Nf6 2. g3 g6 3. Bg2 Bg7 4. Nc3 d6 5. d3 c5 6. e4 Nc6 7. Nge2 a6 8. 0-0 0-0 9. a4 Bd7 10. h3 Rb8 11. Be3 Ne8 12. Kh2 Nc7 13. d4 cxd4 14. Nxd4 Ne6 15. Nde2 Nc5 16. Rb1 Nb4 17. b3 b6 18. Qd2 Re8 19. Rfd1 Qc8 20. Nd4 Ne6 21. Nde2 Nc5 22. Nd4 Ne6 23. Nxe6 Bxe6 24. Ne2 a5 25. Rbc1 Rd8 26. Nf4 Bd7 27. Nd5 Nxd5 28. cxd5 Qb7 29. Bf1 b5 30. Qxa5 bxa4 31. bxa4 Qb3 32. Qc7 Qxa4 33. Qc4 Qxc4 34. Rxc4 Rdc8 35. Rxc8+ Rxc8 36. Rb1 Kf8 37. Ba6 Rd8 38. Bb7 Kg8 39. Bb6 Rf8 40. Kg2 f5 41. Bc6 Bc8 42. Be3 fxe4 43. Rb4 Ba6 44. Rxe4 Bf6 45. Rb4 g5 46. Bd7 Bc8 47. Bxc8 Rxc8 48. Bxg5 Bxg5 49. Rg4 h6 50. h4 Rc5 51. hxg5 h5 52. Rd4 Kf7 53. f4 Kg6 54. Rd2 Kf5 55. Kh3 Rb5 56. Re2 Rxd5 57. Rxe7 Rd2 58. Rh7 Rd1 59. Rf7+ Kg6 60. Rf6+ Kg7 61. Rh6 d5 62. Rxh5 d4 63. Kg4 d3 64. Rh6 1-0

[Event "MVP-ch Seniors op 18th"]
[Site "Ostseebad Binz"]
[Date "2018.12.03"]
[Round "6"]
[White "Schaefer, Martin1111"]
[Black "Waschk, Armin"]
[Result "0-1"]
[WhiteElo "2003"]
[BlackElo "2149"]
[PlyCount "78"]
[EventDate "2018.11.28"]
[EventType "swiss"]
[EventRounds "9"]
[EventCountry "GER"]
[SourceTitle "CBM 188 Extra"]
[Source "ChessBase"]
[SourceDate "2019.02.26"]
[SourceVersion "1"]
[SourceVersionDate "2019.02.26"]
[SourceQuality "1"]

1. d4 Nf6 2. c4 e6 3. g3 d5 4. Nf3 Be7 5. Bg2 0-0 6. 0-0 b6 7. cxd5 Nxd5 8. e4 Nf6 9. Nc3 Bb7 10. Qc2 Na6 11. Rd1 Qc8 12. a3 c5 13. d5 exd5 14. exd5 Rd8 15. Bf4 Nxd5 16. Nxd5 Bxd5 17. Ng5 Bxg5 18. Bxg5 Qb7 19. Qd2 Nc7 20. Bxd8 Rxd8 21. Qg5 f6 22. Bxd5+ Rxd5 23. Qg4 h5 24. Qg6 h4 25. Rxd5 Qxd5 26. gxh4 Ne6 27. Re1 Nf8 28. Qe4 Qd7 29. Re3 f5 30. Qc4+ Kh7 31. Qe2 Qf7 32. h5 f4 33. Re7 Qf6 34. Qe5 Qh6 35. Qf5+ Kg8 36. Qf7+ Kh7 37. Qxf8 Qg5+ 38. Kf1 f3 39. Ke1 Qc1# 0-1

[Event "MVP-ch Seniors op 18th"]
[Site "Ostseebad Binz"]
[Date "2018.11.29"]
[Round "2"]
[White "Willin, Bernhard"]
[Black "Waschk, Armin"]
[Result "0-1"]
[WhiteElo "1969"]
[BlackElo "2149"]
[PlyCount "110"]
[EventDate "2018.11.28"]
[EventType "swiss"]
[EventRounds "9"]
[EventCountry "GER"]
[SourceTitle "CBM 188 Extra"]
[Source "ChessBase"]
[SourceDate "2019.02.26"]
[SourceVersion "1"]
[SourceVersionDate "2019.02.26"]
[SourceQuality "1"]

1. d4 Nf6 2. c4 e6 3. Nf3 d5 4. g3 c5 5. Bg2 b6 6. cxd5 exd5 7. 0-0 Be7 8. a3 0-0 9. Nc3 Bb7 10. Qc2 Na6 11. Bg5 Re8 12. Rad1 Nc7 13. Bc1 Rc8 14. e3 Ne6 15. Qb1 Qc7 16. Rd2 a6 17. Rfd1 Red8 18. Rc2 Ne4 19. Bd2 Bf6 20. Be1 Qe7 21. Ne2 Bc6 22. Nc3 Qa7 23. Nxe4 dxe4 24. Ne5 Bxe5 25. dxe5 Rxd1 26. Qxd1 Ba4 27. Qc1 Bxc2 28. Qxc2 Ng5 29. Bxe4 Nxe4 30. Qxe4 Qd7 31. Bc3 Rd8 32. h4 Qd1+ 33. Kh2 Qd5 34. Qg4 Qe6 35. Qe2 b5 36. e4 Rb8 37. f4 g6 38. Qd2 Qe7 39. Qd6 Qxd6 40. exd6 b4 41. axb4 cxb4 42. Bf6 Rb7 43. b3 Kf8 44. Bd4 Ke8 45. e5 h5 46. Kg2 Kd7 47. Kf3 Kc6 48. Ke4 a5 49. f5 a4 50. bxa4 b3 51. fxg6 fxg6 52. Bb2 Rb4+ 53. Kd3 Rxa4 54. Kc3 Rg4 55. Kxb3 Rxg3+ 0-1

[Event "Oberliga Nord O 1617"]
[Site "Germany"]
[Date "2017.05.07"]
[Round "9.1"]
[White "Penzold, Andreas"]
[Black "Waschk, Armin"]
[Result "1-0"]
[WhiteElo "2423"]
[BlackElo "2193"]
[PlyCount "73"]
[EventDate "2016.10.16"]
[EventType "team-tourn"]
[EventRounds "9"]
[EventCountry "GER"]
[SourceTitle "EXT 2018"]
[Source "ChessBase"]
[SourceDate "2017.10.13"]
[SourceVersion "1"]
[SourceVersionDate "2017.10.13"]
[SourceQuality "1"]
[WhiteTeam "Potsdam Empor"]
[BlackTeam "Guestrow/Teterow"]
[WhiteTeamCountry "GER"]
[BlackTeamCountry "GER"]

1. d4 Nf6 2. c4 e6 3. Nc3 Bb4 4. Qc2 0-0 5. Nf3 d5 6. a3 Be7 7. Bg5 h6 8. Bh4 dxc4 9. e3 a6 10. Bxc4 b5 11. Be2 Bb7 12. 0-0 Nbd7 13. Rfd1 Rc8 14. b4 Nd5 15. Bxe7 Qxe7 16. Ne4 N5f6 17. Nxf6+ Qxf6 18. a4 c6 19. Qb2 Qe7 20. Rac1 f5 21. Qb3 g5 22. Ne1 Rf6 23. Nd3 Rcf8 24. Bf3 bxa4 25. Qxa4 e5 26. Bxc6 Bxc6 27. Rxc6 exd4 28. exd4 Nb6 29. Qb3+ Kh8 30. Rxf6 Qxf6 31. Ne5 Rc8 32. Qa2 Rc7 33. Qxa6 Qd6 34. Qd3 Qxb4 35. Qxf5 Qxd4 36. Qf6+ Kg8 37. Qg6+ 1-0

[Event "Oberliga Nord O 1617"]
[Site "Germany"]
[Date "2017.04.23"]
[Round "8.1"]
[White "Waschk, Armin"]
[Black "Berebora, Ferenc"]
[Result "0-1"]
[WhiteElo "2193"]
[BlackElo "2434"]
[PlyCount "56"]
[EventDate "2016.10.16"]
[EventType "team-tourn"]
[EventRounds "9"]
[EventCountry "GER"]
[SourceTitle "EXT 2018"]
[Source "ChessBase"]
[SourceDate "2017.10.13"]
[SourceVersion "1"]
[SourceVersionDate "2017.10.13"]
[SourceQuality "1"]
[WhiteTeam "Guestrow/Teterow"]
[BlackTeam "Neuruppin"]
[WhiteTeamCountry "GER"]
[BlackTeamCountry "GER"]

1. e4 c5 2. Nf3 d6 3. Bb5+ Nd7 4. c3 Ngf6 5. Qe2 Qc7 6. 0-0 e5 7. d3 Be7 8. Be3 0-0 9. Bxd7 Bxd7 10. c4 h6 11. Nc3 Be6 12. h3 Nh7 13. Nd2 f5 14. f4 exf4 15. Bxf4 Qd7 16. exf5 Bxf5 17. Nde4 Nf6 18. Rad1 Rae8 19. Qd2 Be6 20. Be3 b6 21. b3 d5 22. cxd5 Nxd5 23. d4 Rxf1+ 24. Kxf1 Bxh3 25. gxh3 Qxh3+ 26. Ke2 Nxc3+ 27. Nxc3 Bg5 28. Nd5 Qg2+ 0-1

[Event "Oberliga Nord O 1617"]
[Site "Germany"]
[Date "2017.01.15"]
[Round "4.1"]
[White "Thinius, Marco"]
[Black "Waschk, Armin"]
[Result "1/2-1/2"]
[WhiteElo "2360"]
[BlackElo "2193"]
[PlyCount "124"]
[EventDate "2016.10.16"]
[EventType "team-tourn"]
[EventRounds "9"]
[EventCountry "GER"]
[SourceTitle "EXT 2018"]
[Source "ChessBase"]
[SourceDate "2017.10.13"]
[SourceVersion "1"]
[SourceVersionDate "2017.10.13"]
[SourceQuality "1"]
[WhiteTeam "Berlin Empor"]
[BlackTeam "Guestrow/Teterow"]
[WhiteTeamCountry "GER"]
[BlackTeamCountry "GER"]

1. Nf3 c5 2. c4 g6 3. g3 Bg7 4. Bg2 Nc6 5. Nc3 d6 6. 0-0 Nf6 7. d4 cxd4 8. Nxd4 Bd7 9. Nxc6 bxc6 10. c5 d5 11. e4 dxe4 12. Nxe4 Nxe4 13. Bxe4 0-0 14. Qa4 Qc8 15. Rd1 Rd8 16. Bf4 Bxb2 17. Rab1 Bf6 18. Bf3 Kg7 19. Bd2 Be8 20. Ba5 Qa6 21. Rxd8 Rxd8 22. Be2 Qxe2 23. Bxd8 Bd7 24. Qd1 Qxa2 25. Rb7 Bc8 26. Rc7 Qe6 27. Rxa7 Qe5 28. Bb6 Bh3 29. Ra4 h5 30. Rc4 Be6 31. Rc1 Bd5 32. Qd3 h4 33. Ba5 hxg3 34. fxg3 Qb2 35. Qd2 Bd4+ 36. Kf1 Qb5+ 37. Ke1 e5 38. Bc3 Qxc5 39. Bxd4 Qxd4 40. Qxd4 exd4 41. Kd2 Kf6 42. Kd3 Kf5 43. h3 Bg2 44. Rc5+ Ke6 45. h4 Bd5 46. Kxd4 Kf5 47. Ke3 Kg4 48. Kf2 g5 49. Ra5 gxh4 50. Ra4+ Kh5 51. gxh4 f5 52. Kg3 Be4 53. Ra8 Bd3 54. Rc8 Be4 55. Kf4 Kh6 56. Kg3 Kh5 57. Rh8+ Kg6 58. Kf4 Kg7 59. Rd8 Kg6 60. Rg8+ Kh7 61. Rd8 Kg6 62. Rd6+ Kh5 1/2-1/2

[Event "Mecklenburg VP VL 1516"]
[Site "Mecklenburg VP"]
[Date "2015.11.15"]
[Round "3.1"]
[White "Waschk, Armin"]
[Black "Rossmann, Andreas"]
[Result "1-0"]
[WhiteElo "2099"]
[BlackElo "1919"]
[PlyCount "66"]
[EventDate "2015.09.20"]
[EventType "team-tourn"]
[EventRounds "9"]
[EventCountry "GER"]
[SourceTitle "EXT 2022"]
[Source "ChessBase"]
[SourceDate "2021.10.06"]
[SourceVersion "1"]
[SourceVersionDate "2021.10.06"]
[SourceQuality "1"]
[WhiteTeam "Guestrow/Teterow"]
[BlackTeam "Neubrandenburg SG Eintracht"]
[WhiteTeamCountry "GER"]
[BlackTeamCountry "GER"]

1. e4 d6 2. d4 Nf6 3. Nc3 g6 4. Be3 Bg7 5. Qd2 Ng4 6. 0-0-0 Nxe3 7. Qxe3 c6 8. h4 h5 9. f4 Bg4 10. Nf3 Nd7 11. Kb1 Qb6 12. e5 d5 13. Rd2 e6 14. Ng5 0-0 15. Be2 Bxe2 16. Qxe2 c5 17. Na4 Qa5 18. Nxc5 Nxc5 19. dxc5 Rfc8 20. g4 hxg4 21. h5 gxh5 22. Rxh5 Rxc5 23. Qh2 Rc7 24. c3 Rac8 25. Rh8+ Bxh8 26. Qh7+ Kf8 27. Qxh8+ Ke7 28. Qf6+ Kd7 29. Qxf7+ Kc6 30. Qxe6+ Kb5 31. Rxd5+ Rc5 32. b4 Qa4 33. Qd7+ R8c6 1-0

[Event "Mecklenburg VP VL 1415"]
[Site "Mecklenburg VP"]
[Date "2015.04.26"]
[Round "9.2"]
[White "Waschk, Armin"]
[Black "Hubert, Peter"]
[Result "1/2-1/2"]
[WhiteElo "2086"]
[BlackElo "1999"]
[PlyCount "67"]
[EventDate "2014.09.21"]
[EventType "team-tourn"]
[EventRounds "9"]
[EventCountry "GER"]
[SourceTitle "EXT 2022"]
[Source "ChessBase"]
[SourceDate "2021.10.06"]
[SourceVersion "1"]
[SourceVersionDate "2021.10.06"]
[SourceQuality "1"]
[WhiteTeam "Guestrow/Teterow"]
[BlackTeam "Stralsund FHSG"]
[WhiteTeamCountry "GER"]
[BlackTeamCountry "GER"]

1. e4 c5 2. Nf3 Nc6 3. Bb5 a6 4. Bxc6 dxc6 5. 0-0 Bg4 6. h3 Bxf3 7. Qxf3 Qc7 8. d3 g6 9. Bf4 e5 10. Be3 b6 11. a4 a5 12. Nd2 Bg7 13. Qe2 Nf6 14. f4 Nh5 15. f5 Ng3 16. Qg4 Nxf1 17. Rxf1 h5 18. Qg3 0-0-0 19. fxg6 fxg6 20. Qxg6 Rd6 21. Qg3 Rf6 22. Ra1 Bh6 23. Bxh6 Rhxh6 24. Nc4 Rhg6 25. Qxe5 Qg7 26. Kh1 Kb7 27. Rg1 Rf2 28. Qe8 Rgxg2 29. Nd6+ Kc7 30. Qc8+ Kxd6 31. e5+ Kd5 32. Qd8+ Ke6 33. Qe8+ Kd5 34. Qd8+ 1/2-1/2

[Event "Mecklenburg VP VL 1415"]
[Site "Mecklenburg VP"]
[Date "2015.04.12"]
[Round "8.2"]
[White "Kutschke, Peter"]
[Black "Waschk, Armin"]
[Result "1/2-1/2"]
[WhiteElo "1941"]
[BlackElo "2086"]
[PlyCount "72"]
[EventDate "2014.09.21"]
[EventType "team-tourn"]
[EventRounds "9"]
[EventCountry "GER"]
[SourceTitle "EXT 2022"]
[Source "ChessBase"]
[SourceDate "2021.10.06"]
[SourceVersion "1"]
[SourceVersionDate "2021.10.06"]
[SourceQuality "1"]
[WhiteTeam "Rostock HSG Uni"]
[BlackTeam "Guestrow/Teterow"]
[WhiteTeamCountry "GER"]
[BlackTeamCountry "GER"]

1. e4 c5 2. c4 d6 3. Ne2 g6 4. d4 cxd4 5. Nxd4 Bg7 6. Nc3 Nc6 7. Be3 Nf6 8. Be2 0-0 9. 0-0 Bd7 10. Rc1 Rc8 11. b3 a6 12. f3 e6 13. Qd2 Qe7 14. Rfd1 Rfd8 15. Nxc6 Bxc6 16. Bb6 Rd7 17. Qe3 Qe8 18. b4 Re7 19. b5 axb5 20. cxb5 Bd7 21. Rxd6 Nh5 22. e5 Qf8 23. g3 f6 24. Rcd1 Be8 25. Rd8 Bh6 26. f4 Rxd8 27. Rxd8 fxe5 28. Qxe5 Bg7 29. Qe3 Bxc3 30. Bxh5 gxh5 31. Qxc3 Rd7 32. Rxd7 Bxd7 33. Qe5 Qf5 34. Qxf5 exf5 35. a4 Kf7 36. Kf2 Ke6 1/2-1/2

[Event "Mecklenburg VP VL 1415"]
[Site "Mecklenburg VP"]
[Date "2014.12.07"]
[Round "4.3"]
[White "Hamann, Dirk"]
[Black "Waschk, Armin"]
[Result "1/2-1/2"]
[WhiteElo "1892"]
[BlackElo "2086"]
[PlyCount "114"]
[EventDate "2014.09.21"]
[EventType "team-tourn"]
[EventRounds "9"]
[EventCountry "GER"]
[SourceTitle "EXT 2022"]
[Source "ChessBase"]
[SourceDate "2021.10.06"]
[SourceVersion "1"]
[SourceVersionDate "2021.10.06"]
[SourceQuality "1"]
[WhiteTeam "Warnemuende SF Ostsee"]
[BlackTeam "Guestrow/Teterow"]
[WhiteTeamCountry "GER"]
[BlackTeamCountry "GER"]

1. e4 c5 2. Nf3 Nc6 3. d4 cxd4 4. Nxd4 Nf6 5. Nc3 e5 6. Ndb5 d6 7. Bg5 a6 8. Na3 Be7 9. Be2 b5 10. Bxf6 Bxf6 11. Nd5 0-0 12. 0-0 Bb7 13. c4 b4 14. Nc2 a5 15. Nxf6+ Qxf6 16. Ne3 Nd4 17. Bd3 Rfd8 18. Kh1 g6 19. Rc1 Rac8 20. Qg4 h5 21. Qg3 Ne6 22. f3 Bc6 23. Rfd1 Kh7 24. h4 a4 25. Rd2 Qe7 26. Rcd1 b3 27. a3 Bb7 28. Qf2 Qf6 29. Bf1 Nd4 30. Bd3 Rc7 31. Qg3 Ne6 32. Qf2 Rdc8 33. Qg3 Rg8 34. Bf1 Nd4 35. Qg5 Qe6 36. Qg3 f6 37. Kh2 Rf8 38. Bd3 Rg7 39. Qf2 Kh8 40. Rg1 f5 41. exf5 gxf5 42. f4 Rgf7 43. g3 Nf3+ 44. Kh3 Nxg1+ 45. Qxg1 Bf3 46. Qf2 e4 47. Bf1 Rg7 48. Rd5 Rfg8 49. Kh2 Bg4 50. Qd2 Rg6 51. Be2 Rf8 52. Kg2 Kh7 53. Kf2 Bxe2 54. Qxe2 Kh6 55. Qd2 Qe7 56. Rxf5 Qe8 57. Rd5 Rgf6 1/2-1/2

[Event "Mecklenburg VP VL 1314"]
[Site "Mecklenburg VP"]
[Date "2013.12.15"]
[Round "4.2"]
[White "Waschk, Armin"]
[Black "Zentgraf, Robert"]
[Result "1-0"]
[WhiteElo "2076"]
[BlackElo "2076"]
[PlyCount "87"]
[EventDate "2013.10.20"]
[EventType "team-tourn"]
[EventRounds "9"]
[EventCountry "GER"]
[SourceTitle "EXT 2022"]
[Source "ChessBase"]
[SourceDate "2021.10.06"]
[SourceVersion "1"]
[SourceVersionDate "2021.10.06"]
[SourceQuality "1"]
[WhiteTeam "Guestrow/Teterow"]
[BlackTeam "Torgelow Droegeheide"]
[WhiteTeamCountry "GER"]
[BlackTeamCountry "GER"]

1. e4 c5 2. c3 d5 3. exd5 Qxd5 4. d4 e5 5. dxe5 Qxd1+ 6. Kxd1 Nc6 7. f4 Bf5 8. Nf3 0-0-0+ 9. Ke1 f6 10. Bb5 Nge7 11. exf6 gxf6 12. Kf2 a6 13. Bxc6 Nxc6 14. Be3 b6 15. Nbd2 h5 16. g3 Rh7 17. Nh4 Bd3 18. h3 Nd4 19. cxd4 cxd4 20. Bxd4 Rxd4 21. Nb3 Rb4 22. Rhe1 Kb7 23. Rad1 Bc2 24. Rd8 Bxb3 25. Rxf8 Bxa2 26. Re2 Rd4 27. Nf5 Rd3 28. Rxf6 Bd5 29. Ne3 Bc6 30. Rg6 Rb3 31. Rg5 Re7 32. Rxh5 Bb5 33. Rxb5 Rxb5 34. g4 a5 35. f5 a4 36. h4 Rb4 37. Kf3 b5 38. h5 Rbe4 39. f6 R7e6 40. g5 R6e5 41. f7 Rxe3+ 42. Rxe3 Rf5+ 43. Kg4 Rxf7 44. g6 1-0